000
00313nam a2200133Ia 4500
100
_a
Kumbhojkar/G.v
650
_a
Applied mathematics
942
_c
BK
245
_a
Applied mathematics III-Computer & IT
260
_b
C.Jamnadas & Co
_c
2014
082
_a
519
_b
KUM
546
_a
ENGLISH
_c
production
999
_c
30692
_d
30692